000 00416nam a2200157 i 4500
001 64782
003 ES-MaACL
005 20230906165217.0
007 t|
008 040105s1932 xxk ||||1| eng d
100 1 _aForsaith, D. M.
_951818
245 1 2 _aA handbook for geography teachers /
_cD.M. Forsaith.
260 _aLondon :
_bMethuen,
_c1932.
300 _aXII, 336 p. ;
_c19 cm.
852 _aES-MaACL
_jB-12830
999 _c64782
_d64782